Kibővült és megszépült az óvoda

Bibliographic Details
Main Author: Kmeť, Vladislav, 1950- (Author)
Format: Article
Language:Hungarian
Slovak
PhysicalDescription:Fotogr.
ISSN:1336-3638
Subjects:

MARC

LEADER 00000nab a2200000 a 4500
001 vtls011470278
003 SK-MaSNL
005 20260318140216.0
008 160202|2016 xo w| 000 0|hun
015 |a SNBRB2016/02 
038 |a DSZK 
040 |a DSZK  |b slo  |c DSZK  |e AACR2 
041 |a hun  |a slo 
044 |a xo  |c SK 
080 |a 373.24  |x (=511.141)  |x (437.6)  |2 2001 
100 1 |a Kmeť, Vladislav,  |d 1950-  |4 aut  |9 338580 
245 1 0 |a Kibővült és megszépült az óvoda  |c Vladislav Kmeť 
300 |b Fotogr. 
610 2 7 |a Materská škola s výchovným jazykom maďarským (Dobrohošť, Slovensko)  |2 dszk  |9 1105943 
650 0 7 |a rekonštrukcie  |2 dszk  |9 24616 
651 7 |a Dobrohošť (Slovensko)  |2 SNKPH  |9 85884 
773 0 |t Csallóköz=Žitný ostrov  |g Évf. 56, sz. 3 (2016), o. 6  |x 1336-3638 
852 |a DSZK  |b KIS3GCP 
856 |a http://www.csallokoz.sk 
958 |a SK 
958 |a HU 
999 |c 1818778  |d 1820708